|
|
|
|
| LEADER |
00000cam a2200000 a 4500 |
| 001 |
105694 |
| 003 |
Ucuenca |
| 005 |
20231030143039.0 |
| 008 |
007101|2007 mx |||||r|||||||||||spa|| |
| 020 |
|
|
|a 968785409X
|
| 040 |
|
|
|b spa
|
| 041 |
0 |
|
|a spa
|
| 082 |
0 |
|
|a 372.21
|
| 110 |
2 |
|
|a Lexus
|9 56956
|
| 245 |
|
|
|a Gran libro de la maestra de preescolar
|c Lexus
|h imp
|
| 264 |
|
|
|a México
|b Lexus
|c 2007
|
| 300 |
|
|
|a 800 páginas:
|b ilu
|c 26.5 cm
|e Incluye CD-ROM
|
| 504 |
|
|
|a incl. ref.
|
| 650 |
1 |
|
|a Preescolar
|9 4383
|
| 650 |
1 |
|
|a Maestra preescolar
|9 59993
|
| 650 |
1 |
|
|a Psicomotricidad
|9 26540
|
| 650 |
1 |
|
|a Poemas infantiles
|9 59994
|
| 650 |
1 |
|
|a Adivinanzas infantiles
|9 59995
|
| 650 |
1 |
|
|a Trabalenguas infantiles
|9 59996
|
| 650 |
1 |
|
|a Matematicas niños
|9 59998
|
| 650 |
1 |
7 |
|a Cuentos infantiles
|9 586
|
| 650 |
1 |
|
|a Fabulas infantiles
|9 59999
|
| 650 |
1 |
|
|a Leyendas infantiles
|9 60000
|
| 650 |
1 |
|
|a Canciones infantiles
|9 24374
|
| 650 |
1 |
|
|a Rondas infantiles
|9 26618
|
| 650 |
1 |
|
|9 59997
|a Manualidades infantiles
|
| 852 |
|
|
|a UC-CDJBV
|f Compra
|l 1
|m General
|p 20071018
|q 59,00
|r 2
|t 105694
|y 263340
|b 0
|d CDRC
|e CDRC
|g 372.21 PRIMER PISO
|z 2007-71-01
|
| 942 |
|
|
|c BK
|0 3
|
| 999 |
|
|
|c 35088
|d 35088
|